000 00409nam a2200145Ia 4500
008 100122s9999 xx 000 0 und d
082 _b24485
_a824
100 _aPUBLISHER HOME
245 _aGOOD ENGLISH HOW TO SPEAK AND WRITE IT
260 _bLIBRARY CLUB
_c1932
300 _a632
630 _aGOOD ENGLISH HOW TO SPEAK AND WRITE IT
730 _aGOOD ENGLISH HOW TO SPEAK AND WRITE IT
942 _cBOOK
999 _c367498
_d367495